| 000 | 01059cam a22002651 4500 | ||
|---|---|---|---|
| 001 | l 26000021 | ||
| 003 | DLC | ||
| 005 | 20260227111530.0 | ||
| 008 | 800424s1926 dcuak f000 0 eng c | ||
| 010 | _al 26000021 | ||
| 035 | _a(OCoLC)6238983 | ||
| 040 |
_aLibrary, U.S. Dept. of Labor _cOCl _dDLC |
||
| 042 | _apremarc | ||
| 050 | 0 | 0 |
_aHV741 _b.A32 no. 154 |
| 110 | 1 |
_aUnited States. _bChildren's Bureau. _bCommittee on standards for physicians conducting conferences in child-health centers. |
|
| 245 | 1 | 0 | _aStandards for physicians conducting conferences in child-health centers. |
| 260 |
_aWashington, _bGovt. print. off., _c1926. |
||
| 300 |
_aiii, 11 p. _billus., fold. forms. _c23 cm. |
||
| 490 | 0 |
_aBureau publication _vno. 154 |
|
| 500 | _aAt head of title: U.S. Department of labor. James J. Davis, secretary. Children's bureau. Grace Abbott, chief. | ||
| 500 | _aPrepared by Dr. Richard Smith and others. | ||
| 650 | 0 | _aChild care. | |
| 700 | 1 |
_aSmith, Richard M. _q(Richard Mason), _d1881- |
|
| 710 | 1 |
_aUnited States. _bChildren's Bureau. |
|
| 999 |
_c35801 _d35801 |
||